Airmans Creed Quiz Stats

 Plays Quiz not verified by Sporcle

Support Sporcle.
Go Orange.
Score 0/18 Timer 03:00
0 Plays Today
Hints % Correct
I am ___I am an American Airman
93.2%
I am ___ I am a warrior
93.2%
I have __ my ___I have answered my nation's call
93.2%
I am ___I am an American Airman
88.6%
My __ is to ___My mission is to fly, fight, and win
84.1%
I am ____I am an American Airman
70.5%
I am ___I am faithful to a proud heritage
68.2%
And a ___And a legacy of valor
65.9%
My ____ and ____My nations sword and shield
63.6%
Hints % Correct
Its ____ and _____Its sentry and avenger
63.6%
A ___ of ____A tradition of honor
59.1%
I am ____I am an American Airman
56.8%
___ of ______Guardian of freedom and justice
52.3%
____________Wingman Leader Warrior
43.2%
I will ____ an ____I will never leave an Airman behind
43.2%
I will ____I will never falter
43.2%
I ___ my ____ with my ___I defend my country with my life
40.9%
and I ____and I will not fail
40.9%

You're not logged in!

Compare scores with friends on all Sporcle quizzes.
OR
Log In

From the Vault

5-Letter Europe

by oldkent

Europe has 3 countries and 4 capitals each with 5 letters. Can you name them all?
Remove Ads.
Support Sporcle.
Get the best of Sporcle when you Go Orange. This ad-free experience offers more features, more stats, and more fun while also helping to support Sporcle. Thank you for becoming a member.

Show Comments

Extras

Created Mar 12, 2011ReportNominate
Tags:Creed

Top Quizzes Today


Score Distribution

Your Account Isn't Verified!

In order to create a playlist on Sporcle, you need to verify the email address you used during registration. Go to your Sporcle Settings to finish the process.

Report this User

Report this user for behavior that violates our Community Guidelines.

Details: